000 00184 a2200097 4500
020 _a968242920x
041 _aspa
100 _aVeronica Huacuja
245 _aMahatma Gandhi
942 _cK
999 _c28690
_d28690